000 00855nam a2200205Ii 4500
003 JO-AjNU
008 230605s9999||||xx |||||||||||||| ||und||
040 _aJO-AjNU
_bara
_erda
_cJO-AjNU
041 _aara
050 1 4 _aDS247.K88.A5598 2004
100 3 _aالعنابي، زهر,
_eauthor
_913354
245 0 0 _aآل صباح زمان وتاريخ في بنية الشخصية الكويتية: صاحب السمو الشيخ جابر الأحمد الجابر الصباح أنموذجا
250 _aط1
264 3 1 _aاربد: الرومانتيك للابحاث والدراسات، 2004
300 _a225ص
336 _atext
_btxt
_2rdacontent
337 _aunmediated
_bn
_2rdamedia
338 _avolume
_bnc
_2rdacarrier
650 4 _aالكويت-تاريخ، الكويت- الاحوال السياسية، ال الصباح-تاريخ
_913355
999 _aA3304
_c6872
_d6872